International relations : a self-study guide to theory /

The book is written for active learners - those keen on cutting their own path through the complex and at times hardly comprehensible world of THEORY in International Relations. To aid this process as much as possible, this book employs the didactical and methodical concept of integrating teaching a...

Full description

Bibliographic Details
Main Author: Spindler, Manuela
Corporate Author: JSTOR (Organization)
Format: eBook
Language:English
Published: Opladen : Budrich, [2013]
Subjects:
Online Access:Connect to the full text of this electronic book

MARC

Tag First Indicator Second Indicator Subfields
LEADER 00000cam a2200000 i 4500
001 in00004635480
006 m o d
007 cr |||||||||||
008 130911s2013 gw ob 001 0 eng
005 20230103223456.4
010 |a  2020718970 
035 |a (OCoLC)on1055541411 
040 |a DLC  |b eng  |e pn  |e rda  |c DLC  |d E7B  |d OCLCF  |d JSTOR  |d UKKNU  |d AU@  |d SFB  |d N$T 
019 |a 849919751  |a 1253335921 
020 |z 9783847400059 
020 |a 9783866495500  |q (electronic bk.) 
020 |a 3866495501  |q (electronic bk.) 
020 |z 3847400053 
024 8 |a https://doi.org/10.3224/84740005 
035 |a (OCoLC)1055541411  |z (OCoLC)849919751  |z (OCoLC)1253335921 
037 |a 22573/ctvdcbtp3  |b JSTOR 
050 0 0 |a JZ1305 
072 7 |a POL  |x 040020  |2 bisacsh 
072 7 |a POL  |x 011000  |2 bisacsh 
082 0 4 |a 327  |2 22 
049 |a TXAM 
100 1 |a Spindler, Manuela. 
245 1 0 |a International relations :  |b a self-study guide to theory /  |c Manuela Spindler. 
264 1 |a Opladen :  |b Budrich,  |c [2013] 
300 |a 1 online resource(232 pages) 
336 |a text  |b txt  |2 rdacontent 
337 |a computer  |b c  |2 rdamedia 
338 |a online resource  |b cr  |2 rdacarrier 
500 |a Textbook for graduates. 
504 |a Includes bibliographical references and index. 
588 |a Description based on print version record; resource not viewed. 
520 |a The book is written for active learners - those keen on cutting their own path through the complex and at times hardly comprehensible world of THEORY in International Relations. To aid this process as much as possible, this book employs the didactical and methodical concept of integrating teaching and self-study. The criteria for structured learning about IR theory will be derived from an extensive discussion of the questions and problems of philosophy of science (Part 1). Theory of IR refers to the scientific study of IR and covers all of the following subtopics: the role and status of theory in the academic discipline of IR; the understanding of IR as a science and what a "scientific" theory is; the different assumptions upon which theory building in IR is based; the different types of theoretical constructions and models of explanations found at the heart of particular theories 
650 0 |a International relations  |x Philosophy. 
650 0 |a World politics. 
650 6 |a Politique mondiale. 
650 7 |a International relations.  |2 bicssc 
650 7 |a POLITICAL SCIENCE  |x Government  |x International.  |2 bisacsh 
650 7 |a POLITICAL SCIENCE  |x International Relations  |x General.  |2 bisacsh 
650 7 |a International relations.  |2 fast  |0 (OCoLC)fst00977053 
650 7 |a World politics.  |2 fast  |0 (OCoLC)fst01181381 
655 7 |a Electronic books.  |2 local 
710 2 |a JSTOR (Organization) 
776 0 8 |i Print version:  |t International relations  |d Opladen : Budrich, [2013]  |z 9783847400059  |w (DLC) 2013443211 
856 4 0 |u https://www.jstor.org/stable/10.2307/j.ctvdf09vd  |z Connect to the full text of this electronic book  |t 0 
955 |a JSTOR Open Access ebooks 
994 |a 92  |b TXA 
999 f f |s 981d71df-bfee-4f92-93d6-112bf7642920  |i 65c0ae33-f806-4e15-b38e-2a638ec0fca7  |t 0 
952 f f |a Texas A&M University  |b College Station  |c Electronic Resources  |d Available Online  |t 0  |e JZ1305   |h Library of Congress classification 
998 f f |a JZ1305   |t 0  |l Available Online